Southville International School and Colleges
Your cart is empty.
  • Cart
  • Lists
    Public lists Eva Luna New books Lux_list list_1
    Your lists Log in to create your own lists
  • Log in to your account
  • Your cookies
  • Search history
Southville International School and Colleges
  • Advanced search
  • Recent comments
  • Most popular
  • Libraries

Log in to your account

Log in with GOOGLE


If you do not have an external account, but do have a local account, you can still log in:

  1. Home
  2. MARC view: My new pet is the greatest /
Normal view MARC view ISBD view

My new pet is the greatest / (Record no. 111612)

[ view plain ]
MARC details
000 -LEADER
fixed length control field 00673nam a2200205 a 4500
001 - CONTROL NUMBER
control field 2428
005 - DATE AND TIME OF LATEST TRANSACTION
control field 20140414131918.0
008 - FIXED-LENGTH DATA ELEMENTS--GENERAL INFORMATION
fixed length control field 050601s19uu xx 00 eng d
020 ## - INTERNATIONAL STANDARD BOOK NUMBER
International Standard Book Number 0-307-26208-1
050 ## - LIBRARY OF CONGRESS CALL NUMBER
Classification number ER
Item number M99 1999
100 ## - MAIN ENTRY--PERSONAL NAME
Personal name Albee, Sarah
245 ## - TITLE STATEMENT
Title My new pet is the greatest /
Statement of responsibility, etc by Sarah Albee ; illustrated by Nate Evans.
260 ## - PUBLICATION, DISTRIBUTION, ETC. (IMPRINT)
Place of publication, distribution, etc New York :
Name of publisher, distributor, etc A Golden Book,
Date of publication, distribution, etc 1999.
300 ## - PHYSICAL DESCRIPTION
Extent p. : ill. ; cm.
440 ## - SERIES STATEMENT/ADDED ENTRY--TITLE
Title Road to Reading
520 ## - SUMMARY, ETC.
Summary, etc When Sam brings home a baby dinosaur, his new pet's size and boisterous antics create unusual problems for the family.
650 ## - SUBJECT ADDED ENTRY--TOPICAL TERM
Topical term or geographic name as entry element Dinosaurs
General subdivision Fiction.
650 ## - SUBJECT ADDED ENTRY--TOPICAL TERM
Topical term or geographic name as entry element Pets
General subdivision Fiction.
Holdings
Withdrawn status Lost status Damaged status Use restrictions Home library Current library Shelving location Date acquired Source of acquisition Total Checkouts Full call number Barcode Date last seen Price effective from Koha item type
        Munich Library Munich Library Easy Reading Section 06/01/2005     ER M99 1999 M2419 04/14/2014 04/14/2014 Books

My new pet is the greatest /

APA

Albee S., . (1999). My new pet is the greatest. New York: A Golden Book.

Chicago

Albee Sarah, . 1999. My new pet is the greatest. New York: A Golden Book.

Harvard

Albee S., . (1999). My new pet is the greatest. New York: A Golden Book.

MLA

Albee Sarah, . My new pet is the greatest. New York: A Golden Book. 1999.

  • Place hold
  • Print
  • Cite
  • Add to your cart (remove)
  • Save record
    BIBTEX Dublin Core MARCXML MARC (non-Unicode/MARC-8) MARC (Unicode/UTF-8) MARC (Unicode/UTF-8, Standard) MODS (XML) RIS
  • More searches
    Search for this title in:
    Other Libraries (WorldCat) Other Databases (Google Scholar) Online Stores (Bookfinder.com) Open Library (openlibrary.org)

Exporting to Dublin Core...

SOUTHVILLE LIBRARY

Southville International School and Colleges Library

1281 Tropical Ave. Cor. Luxembourg St., BF Homes International, Las Pinas City

Tel. No. 8256374 / 252358 Loc. 117/146

Powered by Koha